| 000 | 00858nam a2200229 i 4500 | ||
|---|---|---|---|
| 001 | 187469 | ||
| 003 | ES-MaACL | ||
| 005 | 20250722063156.0 | ||
| 008 | 170706s1991 sp ac c |||| | cat d | ||
| 080 | _a73/75 Garcés, Xavier (083.824) | ||
| 100 | 1 |
_aGarcés, Xavier, _d1959- _9163392 |
|
| 245 | 1 | 0 |
_aJavier Garcés _b: escultures, talladures i dibuixos [exposición] : Sala Gaspar, Barcelona, abril-maig 1991 / _c[texto] Claudi Puchades. |
| 260 |
_aBarcelona : _bSala Gaspar : _bDanés, _c[1991] |
||
| 300 |
_a[46] p. : _bprincipalmente il. col., 1 retr. ; _c22 x 24 cm. |
||
| 546 | _aTexto en catalán. | ||
| 600 | 1 | 7 |
_aGarcés, Xavier, _d1959- _vExposiciones _2 _9163393 |
| 655 | 7 |
_2tgfbne _9193628 _aCatálogos de exposiciones |
|
| 710 | 2 |
_aSala Gaspar. _96478 |
|
| 852 |
_aES-MaACL _jL-31794 |
||
| 942 | _2udc | ||
| 999 |
_c187469 _d187469 |
||